[Event "Gibtelecom Masters"]
[Site "Gibraltar"]
[Date "2007.01.25"]
[Round "3.63"]
[White "Helin, Mikael"]
[Black "Navarro Torres, Pedro"]
[Result "1-0"]
[WhiteElo "1951"]
[BlackElo "2235"]
[PlyCount "77"]
[EventDate "2007.??.??"]

1. e4 Nc6 2. Nc3 d6 3. g3 h5 4. h3 g6 5. Bg2 Bg7 6. Nge2 e5 7. d3 Be6 8. a3 Qd7
9. Rb1 Nd4 10. b4 c6 11. Nxd4 exd4 12. Ne2 d5 13. Nf4 dxe4 14. O-O O-O-O 15.
dxe4 Ba2 16. Rb2 Bc4 17. Nd3 Qe7 18. a4 Nh6 19. b5 c5 20. a5 f6 21. b6 a6 22.
Rb1 Nf7 23. Ba3 Bxd3 24. cxd3 Kb8 25. Rc1 Rc8 26. f4 Bf8 27. Re1 Rh7 28. Qf3
Rc6 29. Rc4 Qd8 30. e5 fxe5 31. fxe5 Bh6 32. Rxc5 Be3+ 33. Rxe3 Ng5 34. Qxc6
bxc6 35. Re1 Qf8 36. Ra1 Nf3+ 37. Kh1 g5 38. Rxc6 Qf5 39. Rf6 1-0

[Event "Gibtelecom Masters"]
[Site "Gibraltar"]
[Date "2007.01.25"]
[Round "3.64"]
[White "Malmdin, Nils Ake"]
[Black "Matto, Manuel"]
[Result "1-0"]
[WhiteElo "2231"]
[BlackElo "1915"]
[PlyCount "44"]
[EventDate "2007.??.??"]

1. e4 e5 2. Nf3 Nc6 3. d4 exd4 4. Bb5 a6 5. Ba4 h6 6. O-O d6 7. Nxd4 Bd7 8. c4
Nxd4 9. Bxd7+ Qxd7 10. Qxd4 Nf6 11. Nc3 c6 12. Re1 c5 13. Qd3 O-O-O 14. Rb1 g5
15. Be3 Ng4 16. Nd5 Kb8 17. b4 Ne5 18. Qe2 g4 19. bxc5 Be7 20. Rb6 Rhg8 21.
Reb1 Nf3+ 22. Kh1 Qc6 1-0

[Event "Gibtelecom Masters"]
[Site "Gibraltar"]
[Date "2007.01.25"]
[Round "3.65"]
[White "Johnsen, Kjell Magne"]
[Black "Narayanan, Srinath"]
[Result "0-1"]
[WhiteElo "1890"]
[BlackElo "2229"]
[PlyCount "64"]
[EventDate "2007.??.??"]

1. d4 Nf6 2. c4 c5 3. e3 cxd4 4. exd4 g6 5. Nc3 Bg7 6. Nf3 O-O 7. Bd3 d5 8. h3
Nc6 9. O-O Nb4 10. Be2 dxc4 11. Bxc4 Bf5 12. Bg5 Rc8 13. Qb3 a5 14. Rac1 e6 15.
Nb5 Qb6 16. a3 Bc2 17. Rxc2 Nxc2 18. Rc1 Ne4 19. Rxc2 Nxg5 20. Nxg5 Bxd4 21.
Nxe6 Bxf2+ 22. Rxf2 fxe6 23. Bxe6+ Kg7 24. Bxc8 Qxf2+ 25. Kh2 Rxc8 26. Nc3 Qf4+
27. Kg1 Re8 28. Qd1 Qg3 29. Qd4+ Kh6 30. Qd2+ g5 31. Ne2 Qe3+ 32. Qxe3 Rxe3 0-1

[Event "Gibtelecom Masters"]
[Site "Gibraltar"]
[Date "2007.01.25"]
[Round "3.66"]
[White "Horton, Colin"]
[Black "Hartig, Ove"]
[Result "0-1"]
[WhiteElo "1300"]
[BlackElo "2225"]
[PlyCount "88"]
[EventDate "2007.??.??"]

1. e4 c6 2. d4 d5 3. Nc3 g6 4. Be3 Bg7 5. g3 Nf6 6. Bg2 dxe4 7. Nxe4 Nxe4 8.
Bxe4 Nd7 9. Bg2 Nf6 10. c3 O-O 11. Nf3 Qb6 12. Qb3 Be6 13. Qc2 Nd5 14. Bd2 Rac8
15. O-O c5 16. dxc5 Qxc5 17. Ng5 Bf5 18. Ne4 Qc7 19. Qb3 Rfd8 20. Rad1 Nb6 21.
Ng5 e5 22. Be3 h6 23. Bxb6 axb6 24. Nxf7 Qxf7 25. Bd5 Rxd5 26. Qxd5 Be6 27. Qd6
Rf8 28. Qxb6 Bd5 29. Rxd5 Qxd5 30. Qxg6 Qxa2 31. Qb6 Qd5 32. Ra1 Rf6 33. Qe3 e4
34. Qe2 Qd3 35. Qg4 e3 36. f4 Qd2 37. Qf3 e2 38. Qf2 Qd1+ 39. Qe1 Rd6 40. Kf2
Qc2 41. Ra8+ Kf7 42. Qa1 e1=Q+ 43. Kxe1 Qe4+ 44. Kf1 Qf3+ 0-1

[Event "Gibtelecom Masters"]
[Site "Gibraltar"]
[Date "2007.01.25"]
[Round "3.67"]
[White "Aaberg, Anton"]
[Black "Heinis, Vincent"]
[Result "1-0"]
[WhiteElo "2400"]
[BlackElo "2156"]
[PlyCount "57"]
[EventDate "2007.??.??"]

1. d4 Nf6 2. c4 g6 3. g3 Bg7 4. Bg2 O-O 5. Nc3 d6 6. Nf3 Nc6 7. O-O a6 8. d5
Na5 9. Nd2 c5 10. Rb1 Bd7 11. b3 b5 12. Qc2 Rb8 13. Bb2 bxc4 14. bxc4 e5 15.
Nd1 Nh5 16. Bc3 Rxb1 17. Qxb1 Bh6 18. e3 Bf5 19. Be4 Bxe4 20. Qxe4 f5 21. Qc2
f4 22. Qa4 Qc8 23. exf4 Qh3 24. f3 Nxf4 25. gxf4 Bxf4 26. Rf2 Rf5 27. Ne4 Kg7
28. Qxa5 Rh5 29. Qc7+ 1-0

[Event "Gibtelecom Masters"]
[Site "Gibraltar"]
[Date "2007.01.25"]
[Round "3.68"]
[White "Sachdev, Tania"]
[Black "Hocevar, Nikola"]
[Result "1-0"]
[WhiteElo "2380"]
[BlackElo "2111"]
[PlyCount "55"]
[EventDate "2007.??.??"]

1. d4 f5 2. c4 Nf6 3. Nf3 g6 4. g3 Bg7 5. Bg2 O-O 6. O-O d6 7. Nc3 Nc6 8. d5
Ne5 9. Nxe5 dxe5 10. Qb3 Kh8 11. c5 e6 12. Rd1 exd5 13. Nxd5 Nxd5 14. Bxd5 c6
15. Bxc6 Qc7 16. Bd5 Qxc5 17. Be3 Qe7 18. Rac1 Qf6 19. Bxb7 Bxb7 20. Qxb7 Rab8
21. Qxa7 f4 22. Bc5 Ra8 23. Qe7 fxg3 24. hxg3 Qxe7 25. Bxe7 Rfe8 26. Ba3 e4 27.
e3 Reb8 28. Rd2 1-0

[Event "Gibtelecom Masters"]
[Site "Gibraltar"]
[Date "2007.01.25"]
[Round "3.69"]
[White "Dittmar, Peter"]
[Black "Beltran, Jorge"]
[Result "1-0"]
[WhiteElo "2357"]
[BlackElo "2104"]
[PlyCount "111"]
[EventDate "2007.??.??"]

1. d4 f5 2. Bg5 g6 3. e3 Bg7 4. Nf3 Nf6 5. Nbd2 d5 6. c4 c6 7. Be2 Nbd7 8. cxd5
cxd5 9. O-O O-O 10. Rc1 h6 11. Bf4 Ne8 12. Qb3 e6 13. Bb5 g5 14. Bxd7 Bxd7 15.
Be5 Qb6 16. Bxg7 Kxg7 17. Ne5 Qxb3 18. Nxb3 Bb5 19. Rfe1 b6 20. Rc3 Nd6 21.
Rc7+ Kf6 22. g3 Rfc8 23. Rec1 g4 24. h4 gxh3 25. Nd2 a5 26. Kh2 Rxc7 27. Rxc7
Rc8 28. Rxc8 Nxc8 29. Kxh3 Nd6 30. b3 Ne4 31. Nxe4+ fxe4 32. Kg4 Be8 33. a3 Ke7
34. Kf4 Bh5 35. g4 Be8 36. g5 hxg5+ 37. Kxg5 Kd6 38. Kf6 Bh5 39. Nf7+ Kd7 40.
Ng5 Bg4 41. Ke5 Ke7 42. Nh7 Bf5 43. Nf6 Bh3 44. Nh5 Bg4 45. Nf4 Kd7 46. Kf6 Kd6
47. Ng6 Bd1 48. b4 axb4 49. axb4 Bg4 50. Ne5 Bh3 51. Kf7 Bf1 52. Ke8 Bb5+ 53.
Kd8 Ba6 54. Nd7 Kc6 55. Nb8+ Kb5 56. Kc7 1-0

[Event "Gibtelecom Masters"]
[Site "Gibraltar"]
[Date "2007.01.25"]
[Round "3.70"]
[White "Meenakshi, S."]
[Black "Compton, Alistair"]
[Result "0-1"]
[WhiteElo "2293"]
[BlackElo "2093"]
[PlyCount "118"]
[EventDate "2007.??.??"]

1. c4 e6 2. Nc3 d5 3. d4 c5 4. cxd5 exd5 5. Nf3 Nc6 6. g3 Nf6 7. Bg2 Be7 8. O-O
O-O 9. Bg5 c4 10. Ne5 Be6 11. Nxc6 bxc6 12. Na4 Qa5 13. b3 Rfd8 14. Qc2 Rac8
15. bxc4 dxc4 16. Bd2 Qh5 17. e3 Ng4 18. h3 Nf6 19. Qd1 Qg6 20. Bc3 Bd5 21. Qe2
Ne4 22. Rab1 h5 23. Rfc1 h4 24. g4 Bd6 25. Bb4 Rb8 26. Bxd6 Rxb1 27. Rxb1 Rxd6
28. Rc1 Rf6 29. Rf1 Ng5 30. f3 Qd3 31. Qxd3 cxd3 32. e4 Bxa2 33. f4 Ne6 34. Ra1
d2 35. Nb2 Bb3 36. f5 Nxd4 37. e5 Rh6 38. Rxa7 c5 39. Ra8+ Kh7 40. Be4 Bc2 41.
Bxc2 Nxc2 42. Kf2 Rb6 43. Nd1 Nd4 44. Ke3 Rb3+ 45. Kxd2 Rxh3 46. Ra7 Nf3+ 47.
Ke2 Nxe5 48. Nf2 Rg3 49. f6 Nxg4 50. Rxf7 Nxf6 51. Rc7 h3 52. Rxc5 h2 53. Rc1
Rg1 54. Re1 Ne4 55. Nh1 Rxh1 56. Rxh1 Ng3+ 57. Kf2 Nxh1+ 58. Kg2 Ng3 59. Kxh2
Nf5 0-1

[Event "Gibtelecom Masters"]
[Site "Gibraltar"]
[Date "2007.01.25"]
[Round "3.71"]
[White "Schuurman, Petra"]
[Black "Stokes, Ivan"]
[Result "1/2-1/2"]
[WhiteElo "2275"]
[BlackElo "2041"]
[PlyCount "184"]
[EventDate "2007.??.??"]

1. d4 d6 2. Nf3 Nf6 3. c4 g6 4. Nc3 Bg7 5. e4 O-O 6. h3 Nfd7 7. Be2 c5 8. d5
Na6 9. O-O Nc7 10. Bf4 a6 11. a4 b6 12. Qd2 Re8 13. Rfe1 Bb7 14. Bf1 b5 15.
cxb5 axb5 16. Nxb5 Ba6 17. Ra3 Nb6 18. Nxc7 Qxc7 19. Qc2 Bxf1 20. Rxf1 Reb8 21.
Nd2 Bxb2 22. Qxb2 Nxd5 23. Qxb8+ Qxb8 24. exd5 Qb4 25. Rf3 Qxa4 26. Re1 Ra7 27.
Rb1 Kg7 28. Nf1 Qe4 29. Rd1 Qa4 30. Ne3 Rb7 31. Rc1 Qe4 32. Kh2 Rb1 33. Rc4 Qd3
34. Bh6+ Kg8 35. Ra4 Rb8 36. Raf4 f6 37. Ng4 Qb5 38. Nxf6+ exf6 39. Rxf6 Qe8
40. Re6 Qd8 41. g3 c4 42. Rfe3 Kf7 43. Rf3+ Kg8 44. Rfe3 Kf7 45. h4 Qd7 46.
Rf3+ Kg8 47. Rfe3 Kf7 48. Bf4 Rb3 49. Rxd6 Qa7 50. Rc6 Rxe3 51. Bxe3 Qd7 52.
Rc5 c3 53. Bf4 c2 54. d6 Qa4 55. Rc7+ Ke6 56. d7 Qd4 57. Be3 c1=Q 58. Rxc1 Qxd7
59. Ra1 Qd3 60. Ra5 h5 61. Ra4 Qc2 62. Rf4 Ke7 63. Kg2 Ke6 64. Rd4 Kf7 65. Bf4
Ke6 66. Rd2 Qb1 67. Re2+ Kf7 68. Bg5 Qd3 69. Re7+ Kf8 70. Re3 Qc2 71. Kg1 Qd1+
72. Kg2 Qc2 73. Re7 Qa2 74. Rd7 Qc2 75. Rd2 Qe4+ 76. f3 Qb1 77. g4 hxg4 78.
fxg4 Qe4+ 79. Kg3 Qe1+ 80. Kf3 Qh1+ 81. Kf4 Kf7 82. Rd7+ Ke6 83. Re7+ Kd6 84.
Re3 Qf1+ 85. Kg3 Qg1+ 86. Kf3 Qh1+ 87. Kf4 Qf1+ 88. Rf3 Qc1+ 89. Kg3 Qg1+ 90.
Kf4 Qc1+ 91. Re3 Qf1+ 92. Ke4 Qg2+ 1/2-1/2

[Event "Gibtelecom Masters"]
[Site "Gibraltar"]
[Date "2007.01.25"]
[Round "3.72"]
[White "Pettersen, Joar"]
[Black "Richardson, Keith"]
[Result "0-1"]
[WhiteElo "2032"]
[BlackElo "2250"]
[PlyCount "108"]
[EventDate "2007.??.??"]

1. e4 g6 2. Nc3 Bg7 3. Bc4 d6 4. d3 Nf6 5. f4 O-O 6. Nf3 c5 7. O-O Nc6 8. f5
Na5 9. fxg6 hxg6 10. Bb3 Nxb3 11. axb3 Bg4 12. Qe1 Qd7 13. h3 Bxf3 14. Rxf3 e6
15. Qh4 Nh7 16. Be3 a6 17. Raf1 Rac8 18. Kh1 b5 19. Bh6 Qd8 20. Qxd8 Rcxd8 21.
Bxg7 Kxg7 22. Ra1 Ra8 23. Kh2 Nf6 24. Ne2 Nd7 25. Rf2 Ne5 26. Ng1 Nc6 27. Nf3
Rfe8 28. c3 b4 29. Rff1 Reb8 30. Rfb1 e5 31. Nd2 Kf6 32. Nc4 Ke6 33. Kg3 f6 34.
Ra4 bxc3 35. bxc3 a5 36. Kf3 Rb5 37. Na3 Rb7 38. Nc4 Rab8 39. Nxa5 Nxa5 40.
Rxa5 Rxb3 41. Rc1 Rb2 42. Rd1 R8b3 43. c4 Rc2 44. g3 Rxc4 45. Ra8 Rd4 46. Ke2
Rb2+ 47. Ke3 c4 48. Ra4 Rxd3+ 49. Rxd3 cxd3 50. Ra3 d2 51. Rd3 Rb3 52. Kxd2
Rxd3+ 53. Kxd3 f5 54. exf5+ Kxf5 0-1

[Event "Gibtelecom Masters"]
[Site "Gibraltar"]
[Date "2007.01.25"]
[Round "3.73"]
[White "Hamer, Martyn"]
[Black "Klokas, Konstantinos"]
[Result "0-1"]
[WhiteElo "1987"]
[BlackElo "2231"]
[PlyCount "50"]
[EventDate "2007.??.??"]

1. e4 c5 2. Nf3 Nc6 3. d4 cxd4 4. Nxd4 Nf6 5. Nc3 e5 6. Ndb5 d6 7. Bg5 a6 8.
Na3 b5 9. Nd5 Be7 10. Bxf6 Bxf6 11. Be2 Bg5 12. c3 O-O 13. Nc2 f5 14. exf5 Bxf5
15. a4 bxa4 16. Rxa4 a5 17. Nce3 Be6 18. Bf3 Rb8 19. Nc4 Rb5 20. Be4 Nd4 21.
Nce3 Bxe3 22. Nxe3 Qh4 23. Qd2 Qxe4 24. cxd4 Bb3 25. f3 Qb1+ 0-1

[Event "Gibtelecom Masters"]
[Site "Gibraltar"]
[Date "2007.01.25"]
[Round "3.74"]
[White "Ashby, Anthony"]
[Black "Carame Gonzalez, Francisco"]
[Result "1-0"]
[WhiteElo "2226"]
[BlackElo "1960"]
[PlyCount "103"]
[EventDate "2007.??.??"]

1. e4 e6 2. d4 d5 3. Nc3 Nf6 4. Bg5 dxe4 5. Nxe4 Nbd7 6. Nf3 Be7 7. Nxf6+ Bxf6
8. Bxf6 Nxf6 9. Bd3 O-O 10. O-O b6 11. Qe2 Bb7 12. Rad1 Nh5 13. Qe3 Qf6 14. Ne5
Qf4 15. Qh3 g6 16. c3 Rad8 17. g3 Qf6 18. f4 Ng7 19. g4 Qe7 20. f5 exf5 21.
gxf5 Qg5+ 22. Qg3 Qxg3+ 23. hxg3 gxf5 24. Bxf5 Nxf5 25. Rxf5 Be4 26. Rf4 Bg6
27. Rdf1 Rd6 28. b4 c5 29. bxc5 bxc5 30. dxc5 Rd5 31. Ng4 Rxc5 32. Nf6+ Kg7 33.
Nd7 Rxc3 34. Nxf8 Kxf8 35. R1f3 Rd3 36. Rxf7+ Bxf7 37. Rxd3 Bxa2 38. Ra3 Bf7
39. Rxa7 Kg7 40. Kf2 Kf6 41. Ke3 Bg6 42. Kf4 Bf7 43. Ra6+ Be6 44. Rb6 h5 45.
Ra6 Kf7 46. Kg5 Bg4 47. Ra7+ Ke6 48. Kg6 Be2 49. Rb7 Bg4 50. Rb3 Ke7 51. Re3+
Kf8 52. Re1 1-0

[Event "Gibtelecom Masters"]
[Site "Gibraltar"]
[Date "2007.01.25"]
[Round "3.75"]
[White "Joseph, Adrian"]
[Black "Menon, Shanker"]
[Result "0-1"]
[WhiteElo "1300"]
[BlackElo "2194"]
[PlyCount "106"]
[EventDate "2007.??.??"]

1. e4 c5 2. c3 e6 3. d4 d5 4. e5 Nc6 5. Nf3 Qb6 6. Bd3 Bd7 7. O-O cxd4 8. cxd4
Nxd4 9. Nxd4 Qxd4 10. Nc3 Qb6 11. Qg4 g6 12. Kh1 h5 13. Qg3 Nh6 14. Bxh6 Rxh6
15. a4 h4 16. Qg4 Qxb2 17. Qd4 Qb4 18. Qxb4 Bxb4 19. Na2 Ba5 20. Rab1 Bxa4 21.
Rxb7 Bb6 22. Nc3 Bd7 23. Bb5 Rd8 24. Rd1 Rh5 25. f4 Rh8 26. Bxd7+ Rxd7 27. Rb8+
Rd8 28. Rb7 Kf8 29. Nb5 Kg7 30. Nd6 Rhf8 31. g3 hxg3 32. hxg3 Bc5 33. Ra1 Bxd6
34. exd6 Rxd6 35. Raxa7 d4 36. Rd7 Rxd7 37. Rxd7 Ra8 38. Rxd4 Ra2 39. Kg1 Kf6
40. Rd7 g5 41. fxg5+ Kg6 42. Re7 Ra5 43. Kg2 Rxg5 44. Re8 Ra5 45. Kf3 Kf5 46.
g4+ Ke5 47. Kg3 Ra3+ 48. Kf2 Kf4 49. Rf8 Rf3+ 50. Ke2 Kxg4 51. Rg8+ Kf4 52. Rf8
f5 53. Ra8 Re3+ 0-1

[Event "Gibtelecom Masters"]
[Site "Gibraltar"]
[Date "2007.01.25"]
[Round "3.76"]
[White "Mundaca, Juan"]
[Black "Galliano, Alex"]
[Result "1/2-1/2"]
[WhiteElo "2167"]
[BlackElo "1300"]
[PlyCount "59"]
[EventDate "2007.??.??"]

1. e4 e5 2. Nc3 Bc5 3. f4 d6 4. Nf3 Nf6 5. d3 Nc6 6. Na4 Bb6 7. Nxb6 axb6 8.
Be2 Qe7 9. O-O O-O 10. Kh1 h6 11. c3 Bd7 12. Qe1 Ra7 13. fxe5 dxe5 14. Qh4 Rfa8
15. a3 b5 16. Bd2 Qd6 17. Rad1 Ra4 18. Bc1 Qe6 19. h3 Ne7 20. g4 Ng6 21. Qg3 c5
22. Nh4 Nxh4 23. Qxh4 Bc6 24. b4 c4 25. g5 cxd3 26. Bxd3 hxg5 27. Bxg5 Ne8 28.
Bc1 Rd8 29. Qxd8 Qxh3+ 30. Kg1 1/2-1/2

[Event "Gibtelecom Masters"]
[Site "Gibraltar"]
[Date "2007.01.25"]
[Round "3.77"]
[White "Garcia Lechugo, Francisco"]
[Black "Wallace, Paul"]
[Result "0-1"]
[WhiteElo "1300"]
[BlackElo "2274"]
[PlyCount "76"]
[EventDate "2007.??.??"]

1. Nf3 g6 2. b3 Bg7 3. Nc3 d5 4. Bb2 c5 5. Na4 Bxb2 6. Nxb2 Nf6 7. e3 O-O 8.
Be2 Nc6 9. O-O e5 10. d3 Re8 11. h3 b6 12. c4 d4 13. e4 Nh5 14. Nh2 Nf4 15. Bg4
f5 16. Bf3 Bd7 17. Re1 Qf6 18. Nf1 Re7 19. Ng3 Rf8 20. exf5 gxf5 21. Nh5 Nxh5
22. Bd5+ Kh8 23. Qxh5 Nb4 24. Qe2 Nxd5 25. cxd5 e4 26. Nc4 b5 27. Nd2 e3 28.
fxe3 dxe3 29. Nf3 Qd6 30. Rac1 Qxd5 31. Qc2 Rc8 32. Qc3+ Kg8 33. d4 c4 34. Ne5
Rg7 35. Nf3 Qxf3 36. Rc2 f4 37. Rf1 Qe4 38. Re2 Bxh3 0-1

[Event "Gibtelecom Masters"]
[Site "Gibraltar"]
[Date "2007.01.25"]
[Round "3.78"]
[White "Prasanna, Rao"]
[Black "Yarur Elsaca, Daniel"]
[Result "1-0"]
[WhiteElo "2234"]
[BlackElo "1913"]
[PlyCount "57"]
[EventDate "2007.??.??"]

1. e4 e5 2. Nf3 Nf6 3. Nxe5 d6 4. Nf3 Nxe4 5. Nc3 Nxc3 6. dxc3 Be7 7. Bd3 O-O
8. Bf4 Re8 9. O-O Bg4 10. h3 Bh5 11. Be4 c6 12. Qd3 Bg6 13. Bxg6 hxg6 14. c4 c5
15. Rad1 Nc6 16. Bxd6 Nb4 17. Bxe7 Qxe7 18. Qb3 Qe2 19. Rd2 Qe7 20. a3 Nc6 21.
Rfd1 Rad8 22. Rd5 b6 23. Qd3 Qf6 24. h4 Qxb2 25. Rxd8 Rxd8 26. Qxd8+ Nxd8 27.
Rxd8+ Kh7 28. Ng5+ Kh6 29. Rh8# 1-0

[Event "Gibtelecom Masters"]
[Site "Gibraltar"]
[Date "2007.01.25"]
[Round "3.80"]
[White "Pollo Mancilla, Ricardo"]
[Black "Jameson, David"]
[Result "0-1"]
[WhiteElo "1300"]
[BlackElo "1972"]
[PlyCount "82"]
[EventDate "2007.??.??"]

1. e4 c6 2. d4 d5 3. e5 Bf5 4. Nf3 e6 5. Be2 Nd7 6. O-O c5 7. c3 Ne7 8. Nh4 Bg6
9. Nxg6 hxg6 10. Nd2 Nc6 11. Nf3 cxd4 12. cxd4 Be7 13. Bf4 a6 14. Bd3 Rc8 15.
Qd2 g5 16. Nxg5 Nxd4 17. Nf3 Nxf3+ 18. gxf3 Rh5 19. Rae1 Bg5 20. Kh1 Bxf4 21.
Qxf4 g6 22. Rg1 Qh4 23. Rg4 Qxf2 24. Reg1 Nxe5 25. R4g2 Qxf3 26. Qxf3 Nxf3 27.
Rf1 Ne5 28. Rgf2 Nxd3 29. Rxf7 Rc2 30. Rf8+ Ke7 31. R1f7+ Kd6 32. Rd8+ Ke5 33.
Kg1 Rxb2 34. Re8 Rhxh2 35. Rfe7 Rbg2+ 36. Kf1 Rf2+ 37. Kg1 Rhg2+ 38. Kh1 Nf4
39. Rxe6+ Kd4 40. Re1 Rh2+ 41. Kg1 Nh3# 0-1

[Event "Gibtelecom Masters"]
[Site "Gibraltar"]
[Date "2007.01.25"]
[Round "3.81"]
[White "Mayers, Dan"]
[Black "Gonzalez Amaya, Milan"]
[Result "1/2-1/2"]
[WhiteElo "1965"]
[BlackElo "1891"]
[PlyCount "80"]
[EventDate "2007.??.??"]

1. e4 d6 2. d4 Nd7 3. f4 e5 4. c3 Qe7 5. Bd3 Ngf6 6. Nf3 b6 7. O-O Bb7 8. fxe5
dxe5 9. Bg5 O-O-O 10. Nbd2 h6 11. Bh4 g5 12. Bg3 Ng4 13. Qe2 h5 14. Nc4 Bg7 15.
h3 h4 16. Be1 Nh6 17. g3 g4 18. hxg4 hxg3 19. g5 Ng4 20. Bxg3 Rh3 21. Kg2 Rhh8
22. Rh1 f5 23. d5 Nc5 24. Rxh8 Bxh8 25. Rd1 Nxd3 26. Rxd3 Qc5 27. Ncd2 f4 28.
Bf2 Qb5 29. b3 Nxf2 30. Kxf2 Bg7 31. Nc4 Qe8 32. Kg2 Ba6 33. Nfd2 Qg6 34. Qg4+
Kb8 35. Qf5 Qh5 36. Kf2 Rh8 37. d6 Qh4+ 38. Ke2 cxd6 39. Qd7 Qh5+ 40. Nf3 Bf8
1/2-1/2

[Event "Gibtelecom Masters"]
[Site "Gibraltar"]
[Date "2007.01.25"]
[Round "3.82"]
[White "Solaroli, Riccardo"]
[Black "Perez Tellez, Jesus"]
[Result "1/2-1/2"]
[WhiteElo "1960"]
[BlackElo "1300"]
[PlyCount "70"]
[EventDate "2007.??.??"]

1. e4 e5 2. f4 d6 3. Nc3 Nf6 4. Nf3 Nc6 5. Bb5 Bd7 6. d3 exf4 7. Bxf4 Nh5 8.
Be3 Nf6 9. h3 Ne5 10. d4 Nxf3+ 11. Qxf3 Bxb5 12. Nxb5 Qd7 13. Nc3 O-O-O 14.
O-O-O Qe6 15. Rhf1 c5 16. dxc5 dxc5 17. Rxd8+ Kxd8 18. Nd5 Qxe4 19. Nxf6 Qxf3
20. Rxf3 gxf6 21. Rxf6 Ke8 22. Rf5 b6 23. Bf4 Rg8 24. g4 Rg6 25. Kd2 Bd6 26.
Bxd6 Rxd6+ 27. Ke3 Ke7 28. Re5+ Kf6 29. Re8 Rd7 30. Kf3 Rd2 31. Re2 Rd7 32. h4
h6 33. c4 Rd3+ 34. Re3 Rd2 35. Re2 Rd3+ 1/2-1/2

[Event "Gibtelecom Masters"]
[Site "Gibraltar"]
[Date "2007.01.25"]
[Round "3.83"]
[White "Gonzalez Nunez, Millan"]
[Black "Kuenitz, Klaus"]
[Result "1-0"]
[WhiteElo "1940"]
[BlackElo "1733"]
[PlyCount "53"]
[EventDate "2007.??.??"]

1. e4 e5 2. f4 exf4 3. Nf3 d5 4. exd5 Nf6 5. Nc3 Bb4 6. Bc4 Bxc3 7. dxc3 O-O 8.
O-O c6 9. dxc6 Qxd1 10. Rxd1 Nxc6 11. Bxf4 Bg4 12. Rf1 Rfe8 13. Nd4 Ne5 14. Bb3
Ng6 15. Bg5 Be2 16. Nxe2 Rxe2 17. Bxf6 gxf6 18. Rxf6 Ne5 19. Raf1 Rf8 20. h3
Kg7 21. Rd6 f5 22. Rfd1 f4 23. R6d2 Rxd2 24. Rxd2 f3 25. Rf2 fxg2 26. Rxf8 Kxf8
27. Kxg2 1-0

[Event "Gibtelecom Masters"]
[Site "Gibraltar"]
[Date "2007.01.26"]
[Round "4.2"]
[White "Ramesh, RB."]
[Black "Sokolov, Ivan"]
[Result "0-1"]
[WhiteElo "2483"]
[BlackElo "2632"]
[PlyCount "52"]
[EventDate "2007.??.??"]

1. e4 e5 2. Nf3 Nc6 3. Bb5 a6 4. Ba4 Nf6 5. d3 Bc5 6. c3 b5 7. Bc2 d5 8. Qe2
O-O 9. Bg5 d4 10. cxd4 Nxd4 11. Nxd4 Bxd4 12. Nc3 h6 13. Bh4 Qd6 14. O-O Bg4
15. Qd2 Nh5 16. Nd5 Rae8 17. Bd1 Bxd1 18. Raxd1 f5 19. Ne3 g5 20. Nxf5 Rxf5 21.
exf5 gxh4 22. Qe2 Nf6 23. Kh1 Kh7 24. Rc1 c5 25. Rc2 a5 26. Qf3 Qd5 0-1

[Event "Gibtelecom Masters"]
[Site "Gibraltar"]
[Date "2007.01.26"]
[Round "4.3"]
[White "Areshchenko, Alexander"]
[Black "Felgaer, Ruben"]
[Result "1-0"]
[WhiteElo "2644"]
[BlackElo "2556"]
[PlyCount "65"]
[EventDate "2007.??.??"]

1. e4 c5 2. Nf3 e6 3. d4 cxd4 4. Nxd4 a6 5. Nc3 b5 6. Bd3 Qb6 7. Nf3 Qc7 8. O-O
Bb7 9. Re1 Be7 10. e5 f5 11. Bf4 Nh6 12. a4 b4 13. Nb1 Nf7 14. h4 O-O 15. Nbd2
Nc6 16. Qe2 Bc5 17. Nb3 Ba7 18. Rac1 Ne7 19. h5 Bc6 20. Nbd4 Bxa4 21. Ra1 Bc6
22. Nxc6 Nxc6 23. Rxa6 Nd4 24. Nxd4 Bxd4 25. Rxa8 Rxa8 26. g4 Ra5 27. gxf5 Bxe5
28. fxe6 dxe6 29. Bd2 Bd4 30. Qg4 Qc5 31. Rxe6 Ra1+ 32. Kg2 Qd5+ 33. Qe4 1-0

[Event "Gibtelecom Masters"]
[Site "Gibraltar"]
[Date "2007.01.26"]
[Round "4.5"]
[White "Efimenko, Zahar"]
[Black "Sulskis, Sarunas"]
[Result "1/2-1/2"]
[WhiteElo "2616"]
[BlackElo "2525"]
[PlyCount "95"]
[EventDate "2007.??.??"]

1. e4 c6 2. d4 d5 3. Nc3 dxe4 4. Nxe4 Bf5 5. Ng3 Bg6 6. Bc4 e6 7. N1e2 Bd6 8.
Nf4 Qc7 9. Ngh5 Bxh5 10. Nxh5 g6 11. Ng3 Bf4 12. Be3 Nd7 13. Qf3 Bxe3 14. fxe3
Ngf6 15. O-O O-O-O 16. c3 Rhf8 17. b4 Ne8 18. a4 Nd6 19. Bb3 e5 20. c4 f5 21.
c5 Nf7 22. b5 Ng5 23. Qe2 exd4 24. exd4 Rfe8 25. Qf2 Nf6 26. Nxf5 Nge4 27. Nd6+
Qxd6 28. cxd6 Nxf2 29. Rxf2 Rxd6 30. bxc6 bxc6 31. Raf1 Ne4 32. Rc2 Nf6 33. a5
Kd7 34. Ba4 Nd5 35. Rb1 Rc8 36. g3 Ne7 37. Rb4 Rd5 38. a6 Ra5 39. Rf2 Rxa6 40.
Rf7 Rb6 41. Rc4 Kd6 42. Rxh7 Rb1+ 43. Kg2 Rcb8 44. Rc5 R8b4 45. Ra5 Rxd4 46.
Rxa7 Re1 47. Rh8 Rde4 48. Rd8+ 1/2-1/2

[Event "Gibtelecom Masters"]
[Site "Gibraltar"]
[Date "2007.01.26"]
[Round "4.6"]
[White "Cramling, Pia"]
[Black "Tregubov, Pavel"]
[Result "1/2-1/2"]
[WhiteElo "2530"]
[BlackElo "2613"]
[PlyCount "82"]
[EventDate "2007.??.??"]

1. d4 Nf6 2. Nf3 c5 3. d5 b5 4. Bg5 Qb6 5. a4 b4 6. a5 Qc7 7. Bxf6 exf6 8. e4
g6 9. Nbd2 d6 10. c3 bxc3 11. bxc3 Bg7 12. Bb5+ Nd7 13. O-O O-O 14. Qc2 Rb8 15.
Rfb1 f5 16. exf5 Nf6 17. fxg6 hxg6 18. Bc4 Bf5 19. Bd3 Bxd3 20. Qxd3 Rxb1+ 21.
Rxb1 Qxa5 22. Ng5 Qc7 23. Nde4 Re8 24. Qb5 Qe7 25. Re1 Rf8 26. Nxf6+ Qxf6 27.
Ne4 Qe5 28. Qc6 f5 29. f4 Qxf4 30. Nxd6 Bxc3 31. Ne8 Kh7 32. Qd7+ Kh6 33. Qe7
Rxe8 34. Qxe8 Bxe1 35. Qxe1 Qd4+ 36. Kf1 Qd3+ 37. Kg1 Kh5 38. Qe5 c4 39. d6 c3
40. Qh8+ Kg5 41. Qd8+ Kh5 1/2-1/2

[Event "Gibtelecom Masters"]
[Site "Gibraltar"]
[Date "2007.01.26"]
[Round "4.7"]
[White "Ehlvest, Jaan"]
[Black "Kuzubov, Yuriy"]
[Result "0-1"]
[WhiteElo "2610"]
[BlackElo "2554"]
[PlyCount "78"]
[EventDate "2007.??.??"]

1. d4 Nf6 2. c4 e6 3. g3 Bb4+ 4. Bd2 Qe7 5. Bg2 Nc6 6. Nf3 Bxd2+ 7. Nbxd2 O-O
8. Rc1 d6 9. Nf1 e5 10. Ne3 Bg4 11. Nxg4 Nxg4 12. e3 e4 13. Nd2 f5 14. Qb3 a5
15. c5+ Kh8 16. a3 d5 17. O-O Qd7 18. f3 a4 19. Qc3 exf3 20. Rxf3 Rae8 21. Rcf1
g6 22. h3 Nf6 23. Qc2 Re6 24. g4 Qe7 25. gxf5 Rxe3 26. Qxa4 g5 27. R3f2 Rd3 28.
Nf3 g4 29. Ne5 Nxe5 30. dxe5 Qxe5 31. hxg4 d4 32. g5 Ng4 33. Rf4 Ne3 34. Qd7
Nxf1 35. Rh4 Qe3+ 36. Kh1 Ng3+ 37. Kh2 Nh5 38. Qxc7 Qxg5 39. Qe5+ Nf6 0-1

[Event "Gibtelecom Masters"]
[Site "Gibraltar"]
[Date "2007.01.26"]
[Round "4.9"]
[White "Epishin, Vladimir"]
[Black "Rasch, Holger"]
[Result "1-0"]
[WhiteElo "2561"]
[BlackElo "2272"]
[PlyCount "119"]
[EventDate "2007.??.??"]

1. d4 d5 2. c4 e6 3. Nc3 Nf6 4. cxd5 exd5 5. Bg5 c6 6. e3 Be7 7. Bd3 Nbd7 8.
Qc2 Nf8 9. Nf3 Ne6 10. h4 h6 11. Bxf6 Bxf6 12. O-O-O Nc7 13. Kb1 Bg4 14. Rdg1
Bxf3 15. gxf3 Ne6 16. Bf5 Qe7 17. Ne2 g6 18. Bxe6 Qxe6 19. h5 g5 20. f4 O-O-O
21. Rg3 Rdg8 22. fxg5 Rxg5 23. Rxg5 hxg5 24. Ng3 Bd8 25. a3 Bc7 26. Nf5 Qe4 27.
Qxe4 dxe4 28. h6 Rh7 29. Rg1 f6 30. Rg4 Kd7 31. Rxe4 Bd6 32. Rg4 Bf8 33. Rg1
Ke6 34. e4 Kf7 35. Kc2 Bxh6 36. Rh1 Kg6 37. Kd3 Bf8 38. Rxh7 Kxh7 39. d5 cxd5
40. exd5 Kg6 41. Ke4 Kf7 42. f3 Bc5 43. a4 Bb4 44. Ne3 Kg6 45. Nc4 f5+ 46. Ke5
g4 47. Ke6 Kg5 48. fxg4 fxg4 49. d6 Bxd6 50. Nxd6 Kf4 51. Nf5 Ke4 52. b4 g3 53.
Nxg3+ Kd4 54. b5 Kc5 55. Ne4+ Kb4 56. Kd6 Kxa4 57. Kc5 Kb3 58. Nd6 a5 59. Nxb7
a4 60. Na5+ 1-0

[Event "Gibtelecom Masters"]
[Site "Gibraltar"]
[Date "2007.01.26"]
[Round "4.11"]
[White "Akopian, Vladimir"]
[Black "Ippolito, Dean"]
[Result "1-0"]
[WhiteElo "2700"]
[BlackElo "2397"]
[PlyCount "47"]
[EventDate "2007.??.??"]

1. d4 d5 2. c4 c6 3. Nc3 Nf6 4. e3 e6 5. Nf3 Nbd7 6. Bd3 dxc4 7. Bxc4 b5 8. Bd3
Bb7 9. O-O a6 10. e4 c5 11. d5 c4 {Qc7} 12. dxe6 fxe6 13. Nd4 Nc5 14. Be3 e5
15. Nf5 Ncxe4 16. Nxe4 Nxe4 17. Qg4 Nf6 18. Qh3 g6 19. Bg5 gxf5 20. Bxf6 Rg8
21. Rfe1 {Qc6 Rxe5} Kf7 22. Be4 Qxf6 {Rxf5 Bxe4 Rxf6 Kxf6} 23. Qh4 {Kf5 Qxh7}
Rg6 {Re1 Rd8} 24. Qh5 {Rg5 Qf7} 1-0